[Event "Essen op04"]
[Site "Essen"]
[Date "2005.04.04"]
[Round "1"]
[White "Noori, Mir Ahmad"]
[Black "Skara, Milenko"]
[Result "1/2-1/2"]
[WhiteElo "1622"]
[BlackElo "1852"]
[PlyCount "148"]
[EventDate "2005.04.04"]
[EventType "swiss"]
[EventRounds "9"]
[EventCountry "GER"]
[SourceTitle "EXT 2007"]
[Source "ChessBase"]
[SourceDate "2006.11.23"]
[SourceVersion "1"]
[SourceVersionDate "2006.11.23"]
[SourceQuality "1"]

1. d4 Nf6 2. Nf3 d5 3. b3 e6 4. Bb2 b6 5. e3 Ba6 6. Bxa6 Nxa6 7. Qe2 Qc8 8. 0-0 Bd6 9. Ba3 0-0 10. c4 Qb7 11. Bxd6 cxd6 12. Nbd2 Rac8 13. Rac1 Rfd8 14. a3 Nb8 15. Qd3 Nbd7 16. Rfd1 Nf8 17. Qb1 Ng6 18. Qb2 h5 19. h3 Qe7 20. a4 dxc4 21. Nxc4 Ne4 22. Ncd2 Nf6 23. Nc4 Ne4 24. Ncd2 Nxd2 25. Qxd2 Qb7 26. Qe2 Qd5 27. Nd2 h4 28. Qa6 Rxc1 29. Rxc1 Ra8 30. Qc4 Qxc4 31. Rxc4 Re8 32. Nf3 Re7 33. b4 f6 34. Rc6 Rd7 35. Kf1 Ne7 36. Rc2 g5 37. Ke2 Kf7 38. b5 Kg6 39. Ne1 f5 40. f3 Kf6 41. Nd3 e5 42. dxe5+ dxe5 43. Nb4 Ke6 44. Nc6 Nxc6 45. Rxc6+ Rd6 46. Rc8 Rd7 47. Rg8 Kf6 48. Rf8+ Ke6 49. Rh8 Rc7 50. Kd3 e4+ 51. fxe4 fxe4+ 52. Kd4 Rc2 53. Rh6+ Kf5 54. Rh7 Rd2+ 55. Kc4 Rxg2 56. Rg7 Ke5 57. Re7+ Kf6 58. Rxa7 Rg3 59. Kd4 Rxh3 60. Ra6 Rh1 61. Rxb6+ Kf5 62. Rb8 Rd1+ 63. Kc5 h3 64. Rf8+ Kg4 65. b6 h2 66. Rh8 h1Q 67. Rxh1 Rxh1 68. b7 Rb1 69. Kc6 Kf3 70. a5 g4 71. a6 g3 72. a7 g2 73. b8Q Rxb8 74. axb8Q g1Q 1/2-1/2

[Event "Ruhrgebiet VK1 0405"]
[Site "Ruhrgebiet"]
[Date "2005.02.20"]
[Round "7.6"]
[White "Skara, Milenko"]
[Black "Parado, Dominado"]
[Result "0-1"]
[WhiteElo "1883"]
[BlackElo "1854"]
[PlyCount "65"]
[EventDate "2004.09.12"]
[EventType "team"]
[EventRounds "9"]
[EventCountry "GER"]
[SourceTitle "EXT 2006"]
[Source "ChessBase"]
[SourceDate "2005.11.24"]
[SourceVersion "1"]
[SourceVersionDate "2005.11.24"]
[SourceQuality "1"]
[WhiteTeam "Gerthe"]
[BlackTeam "Recklinghausen Sued"]
[WhiteTeamCountry "GER"]
[BlackTeamCountry "GER"]

1. e4 c5 2. Nf3 Nc6 3. d4 cxd4 4. Nxd4 Nf6 5. Nc3 e5 6. Ndb5 d6 7. Bg5 a6 8. Na3 b5 9. Bxf6 gxf6 10. Nd5 f5 11. exf5 Bxf5 12. Qf3 Nd4 13. Nc7+ Qxc7 14. Qxa8+ Ke7 15. c3 b4 16. cxd4 bxa3 17. dxe5 Qa5+ 18. Kd1 Qxe5 19. Bd3 axb2 20. Rb1 Bh6 21. Qb7+ Kf6 22. Re1 Qd4 23. Qxb2 Qxb2 24. Rxb2 Bxd3 25. g3 Bb5 26. f4 Rc8 27. Rd2 Bf8 28. Re4 Rc3 29. g4 Bc6 30. Red4 Bf3+ 31. Ke1 Bxg4 32. Rxd6+ Bxd6 33. Rxd6+ 0-1